000 00286nam a22001337a 4500
008 170622b xxu||||| |||| 00| 0 eng d
020 _a9781586480394
041 _aeng
080 _a94
100 _a16
101 _aSHH
245 _aTHE GREATEST THREAT
_cBUTLER,R
942 _2udc
_cBK
999 _c18588
_d18588